Mining and minerals /

Bibliographic Details
Main Author: Davies, E. N.
Other Authors: Northedge, G. A.
Format: Book
Language:English
Published: Oxford, New York : Pergamon Press, [1967]
Edition:[1st ed.].
Series:Commonwealth and international library.
Subjects:

MARC

Tag First Indicator Second Indicator Subfields
LEADER 00000cam a22000001 4500
001 in00000095340
005 20150927150056.0
008 740506s1967 enkab 00010 eng
010 |a  67026685  
035 |a (OCoLC)01144535 
035 |9 AAL7223AM 
040 |a DLC  |c DLC  |d TXA  |d UtOrBLW 
049 |a TXAM  |c [480147] 
050 0 0 |a TN147  |b .D3 1967 
082 0 |a 622 
100 1 |a Davies, E. N. 
245 1 0 |a Mining and minerals /  |c by E. N. Davies and G. A. Northedge. 
250 |a [1st ed.]. 
264 1 |a Oxford,  |a New York :  |b Pergamon Press,  |c [1967] 
300 |a xi, 123 pages :  |b illustrations, maps. ;  |c 24 cm. 
336 |a text  |b txt  |2 rdacontent 
337 |a unmediated  |b n  |2 rdamedia 
338 |a volume  |b nc  |2 rdacarrier 
490 1 |a Commonwealth and international library. Geography division 
650 0 |a Mineral industries. 
700 1 |a Northedge, G. A. 
830 0 |a Commonwealth and international library. 
999 |a MARS 
999 f f |s 1d4fc274-b90f-31c1-a7e2-f366d609fa6f  |i b74829ce-974d-310f-ac97-8426901ee6e6  |t 0 
952 f f |p ric  |a Texas A&M University  |b Rellis Campus  |c Joint Library Facility  |d Remote Storage  |t 0  |e TN147 .D3 1967  |h Library of Congress classification  |i unmediated -- volume  |m A14805569802 
998 f f |a TN147 .D3 1967  |t 0  |l Remote Storage